Borussia Mönchengladbach Best Scorer By Year - Statistics

General Stats
  • This quiz has been taken 374 times
    8 since last reset
  • The average score is 9 of 37
Answer Stats
Player % Correct
Marcus Thuram
100%
Alassane Pléa
86%
Jupp Heynckes
86%
Lars Stindl
86%
Patrick Herrmann
57%
Raffael
57%
Tim Kleindienst
57%
Allan Simonsen
43%
Jonas Hofmann
43%
Marco Reus
43%
Robin Hack
43%
Oliver Neuville
29%
Toni Polster
29%
Uwe Rahn
29%
Arie van Lent
14%
Hans-Jörg Criens
14%
Haris Tabakovic
14%
Heiko Herrlich
14%
Igor Demo
14%
Luuk de Jong
14%
Martin Dahlin
14%
Mikael Forssell
14%
Thorgan Hazard
14%
Bernd Rupp
0%
Frank Mill
0%
Hans-Günter Bruns
0%
Harald Nickel
0%
Herbert Laumen
0%
Jörgen Pettersson
0%
Kahê
0%
Karlheinz Pflipsen
0%
Kurt Pinkall
0%
Peter Meyer
0%
Rob Friend
0%
Roel Brouwers
0%
Václav Svěrkoš
0%
Wilfried Hannes
0%
No matching quizzes found
Score Distribution
Percent of People with Each Score
Percentile by Number Answered
Your Score History
You have not taken this quiz since the last reset